| 000 | 00463nam a2200145Ia 4500 | ||
|---|---|---|---|
| 008 | 170224s9999 xx 000 0 und d | ||
| 100 | _aDanture Wickramasinghe | ||
| 245 | _aGetting management accounting off the ground: post-colonial neoliberalism in healthcare budgets | ||
| 245 | _cDanture Wickramasinghe | ||
| 260 | _bAccounting and Business Research | ||
| 260 | _c2015 | ||
| 300 | _a45:3, pages 323-355 | ||
| 650 | _xAccountancy | ||
| 650 | _xAccounting | ||
| 999 |
_c316097 _d316097 |
||